00735cam a2200193 a 4500020001500000020003700015040000800052082002600060100002400086245003800110260003700148300003400185650001900219856006600238856006600304942000700370999001700377952014700394 a0070203741 a007020375X (instructor's manual) cDLC00a361 MCG 1990 A019 Or.1 aFederico, Ronald C.10aSocial welfare in today's world / aNew York :bMcGraw-Hill,cc1990. axix, 331 p. :bill. ;c24 cm. 0aHuman services42uhttp://www.loc.gov/catdir/enhancements/fy0602/89012443-d.html41uhttp://www.loc.gov/catdir/enhancements/fy0602/89012443-t.html cEK c12446d12446 0010406361_000000000000000_MCG_1990_A019_OR70962200aLBAbLBAcA019d2017-08-14o361 MCG 1990 A019 Or.pA16594r2017-08-14w2017-08-14yEK